Statistics for 2023 AFL Club Best & Fairest Winners

Click here to take the quiz!

General Stats

  • This quiz has been taken 50 times
  • The average score is 16 of 18

Answer Stats

Award NameClubAnswer% Correct
Keith 'Bluey' Truscott TrophyMelbourneChristian Petracca
100%
Charles Sutton MedalWestern BulldogsMarcus Bontempelli
100%
John Cahill MedalPort AdelaideZak Butters
100%
Copeland TrophyCollingwoodJosh Daicos
98%
Kevin Sheedy MedalGWSToby Greene
95%
W. S. Crichton MedalEssendonZach Merrett
95%
Doig MedalFremantleCaleb Serong
93%
Malcolm Blight MedalAdelaideJordan Dawson
93%
Club ChampionGold CoastNoah Anderson
93%
Bob Skilton MedalSydneyErrol Gulden
90%
Merrett-Murray MedalBrisbaneHarris Andrews
88%
Syd Barker MedalNorth MelbourneHarry Sheezel
88%
Jack Dyer MedalRichmondTim Taranto
88%
John Worsfold MedalWest CoastTim Kelly
85%
Carji Greeves MedalGeelongTom Stewart
85%
Trevor Barker AwardSt KildaJack Sinclair
83%
Peter Crimmins MedalHawthornWill Day
80%
John Nicholls MedalCarltonJacob Weitering
78%

Score Distribution

Percentile by Number Answered

Percent of People with Each Score

Your Score History

You have not taken this quiz